000 00348nam a22001457a 4500
020 _a9788183489690
082 _a371.271SIN/CO
100 _aSinha S K
100 _aSatyanarayanan S
100 _aRana J S
245 _aComplete reference manual for CMAT 2012
260 _aNew Delhi
_bArihant publications
_c2012
300 _a770
942 _cBK
999 _c13839
_d13839